The Warroom guide to competitive intelligence.
| Main Author: | |
|---|---|
| Other Authors: | |
| Format: | Book |
| Published: |
New York:
McGraw Hill,
1999.
|
| Subjects: |
| LEADER | 00469cam a2200169 7i4500 | ||
|---|---|---|---|
| 001 | 0000007384 | ||
| 005 | 20000127090000.0 | ||
| 020 | 0 | 0 | |a 007058057 X |
| 090 | 0 | 0 | |a B 658.47 |b SHA |
| 100 | 1 | 0 | |a Shaker |
| 245 | 1 | 4 | |a The Warroom guide to competitive intelligence. |
| 260 | 0 | 0 | |a New York: |b McGraw Hill, |c 1999. |
| 300 | # | # | |a 255 p. |
| 650 | 0 | 0 | |a Competition |
| 650 | 0 | 0 | |a Business Intelligence |
| 700 | 1 | 1 | |a Gembicki, |h Mark P |
| 999 | |a B000010876 |b Book |c Book |e Business Information Centre | ||